| 000 | 01295cam a2200361 a 4500 | ||
|---|---|---|---|
| 999 |
_c5631 _d5631 |
||
| 001 | 5631 | ||
| 003 | BD-JhCC | ||
| 005 | 20180705134013.0 | ||
| 008 | 961210s1997 nyua 001 0aeng | ||
| 020 | _a0471155454 (cloth : alk. paper) | ||
| 035 | _a(BD-JhCC)5631 | ||
| 040 |
_aDLC _cDLC _dDLC |
||
| 041 | _aeng | ||
| 050 | 0 | 0 |
_aHG172.B56 _bA3 1997 |
| 082 | 0 | 0 |
_a384/.06/573092 _aB _221 _bBLO 2001 |
| 100 | 1 | _aBloomberg, Michael. | |
| 245 | 1 | 0 |
_aBloomberg by Bloomberg / _cwith invaluable help from Matthew Winkler. |
| 246 | 3 | 0 | _aBloomberg |
| 260 |
_aNew York : _bJ. Wiley, _cc1997. |
||
| 300 |
_avii, 261 p. : _bill. ; _c24 cm. |
||
| 500 | _aIncludes index. | ||
| 600 | 1 | 0 | _aBloomberg, Michael. |
| 650 | 0 |
_aCapitalists and financiers _zUnited States _xBiography. |
|
| 650 | 0 |
_aInvestments _zUnited States. |
|
| 650 | 0 |
_aBusinessmen _zUnited States _xBiography. |
|
| 650 | 0 |
_aTelecommunication _zUnited States. |
|
| 700 | 1 | _aWinkler, Matthew. | |
| 856 | 4 |
_3Table of Contents _uhttp://www.loc.gov/catdir/toc/onix04/96053327.html |
|
| 856 | 4 | 2 |
_3Contributor biographical information _uhttp://www.loc.gov/catdir/enhancements/fy0706/96053327-b.html |
| 856 | 4 | 2 |
_3Publisher description _uhttp://www.loc.gov/catdir/enhancements/fy0706/96053327-d.html |
| 942 |
_2ddc _cBK _01 |
||